Politická a hospodářská geografie

Bibliographic Details
Main Author: Blažek, Miroslav, 1916-1983 (Author)
Format: Book
Language:Czech
PhysicalDescription:672 s. tab., mp., fotogr., oobr. 20 cm
Published: Praha Svoboda 1967
Edition:1. vyd.
Subjects:

MARC

LEADER 00000cam a2200000 a 4500
001 vtls001405282
003 SK-MaSNL
005 20260301202040.0
008 240313s1967 xr ob 00100 cze
035 |a SNK000359899 
040 |a SNK  |b slo  |c SNK  |e AACR2 
041 0 |a cze 
044 |a xr  |c CZ 
080 |a 911.3:32  |2 2001 
080 |a 911.3:33  |2 2001 
080 |a (075.8)  |2 2001 
100 1 |a Blažek, Miroslav,  |d 1916-1983  |4 aut  |9 131295 
245 1 |a Politická a hospodářská geografie  |c [kolektiv autorů pod vedením Miroslava Blažka] 
250 |a 1. vyd. 
260 |a Praha  |b Svoboda  |c 1967 
300 |a 672 s.  |b tab., mp., fotogr., oobr.  |c 20 cm 
366 |e 1 000 výtl. 
504 |a Bibliografia: s. 641-[642] ; bibliografie 
650 0 7 |a politická geografia  |2 SNKPH  |9 1069 
650 0 7 |a ekonomická geografia  |2 SNKPH  |9 841 
655 7 |a učebnice vysokých škôl  |2 SNKPH  |9 70191 
852 |a Štátna vedecká knižnica v Banskej Bystrici 
958 |a OND 
999 |c 897331  |d 899261 
952 |t P60, <04>, [BOOK], {604}  |a SNK  |b SNK  |y VYP  |7 0  |p 17A0265210  |o snkIC 41167 D1  |i snkKIP 3852/67  |0 0  |1 1  |4 0  |d 2001-01-20  |l 0  |r 2005-01-02 00:00:00  |w 2026-02-24 
952 |t P60, <04>, [BOOK], {604}  |a SNK  |b SNK  |y VYP  |7 0  |p 17A0265861  |o snkIC 41167 príl. D1  |0 0  |1 1  |4 0  |d 2001-01-20  |l 0  |r 2005-01-02 00:00:00  |w 2026-02-24 
952 |t P60, <04>, [BOOK], {604}  |a SNK  |b SNK  |y VYP  |7 0  |p 17A0452386  |o snkIC 41167  |i snkKIP 3851/67  |0 0  |1 0  |4 0  |d 2004-11-25  |l 0  |r 2005-01-02 00:00:00  |w 2026-02-24